000 01001nam a2200217Ia 4500
003 Ost
005 20260507075642.0
008 260507s9999||||xx |||||||||||||| ||und||
020 _a×35539977
040 _cfsecg
041 _aara
082 _a345
100 _aعبد المنعم، سليمان
_eمؤلف
245 0 _aبطلان الإجراء الجنائي :
_bمحاولة تأصيل أسباب البطلان في ظل القضاء النقض في مصر ولبنان وفرنسا /
_c سليمان عبد المنعم
260 _aالإسكندرية:
_bدار الجامعة الجديدة,
_c2002
300 _a327 صفحة؛
_bإيضاحات ؛
_c24 سم
490 _aالمكتبة القانونية
520 _aتأصيل البطلان والإجراء الجنائي، التنظيم الوضعي لبطلان الإجراء الجنائي، تحليل أسباب بطلان الإجراء الجنائي
653 _aالقانون الجنائي
942 _cكتاب
999 _c45434
_d45434